[Event "Ïåðâåíñòâî Ìîñêâû ïî øàõìàòàì 2015 ñðåäè"]
[Site "Moscow"]
[Date "2015.11.16"]
[Round "5.30"]
[White "Ìèíüêî, Äìèòðèé."]
[Black "Èâàíîâ, Åãîð."]
[Result "1-0"]
[WhiteElo "1903"]
[BlackElo "1348"]
[PlyCount "53"]
[EventDate "2015.11.12"]

1. e4 c5 2. Nf3 e6 3. d4 cxd4 4. Nxd4 a6 5. Bd3 Qc7 6. O-O Bc5 7. Nb3 Be7 8.
Nc3 Nf6 9. f4 d6 10. Be3 Nc6 11. Kh1 O-O 12. Rf3 Rd8 13. Qg1 Bf8 14. Bb6 Qd7
15. Bxd8 Qxd8 16. Qe1 e5 17. f5 b5 18. Nd5 Bb7 19. Rh3 Nb8 20. Nc3 d5 21. exd5
Nxd5 22. Be4 Bb4 23. f6 Qxf6 24. Bxh7+ Kf8 25. Be4 Ra7 26. Nxd5 Bxe1 27. Rh8#
1-0

[Event "Ïåðâåíñòâî Ìîñêâû ïî øàõìàòàì 2015 ñðåäè"]
[Site "Moscow"]
[Date "2015.11.16"]
[Round "5.31"]
[White "Àðáóçîâ, Òèìîôåé."]
[Black "Ïàâëîâ, Èâàí."]
[Result "0-1"]
[WhiteElo "1701"]
[BlackElo "1394"]
[PlyCount "82"]
[EventDate "2015.11.12"]

1. d4 e6 2. e4 d5 3. exd5 exd5 4. Qf3 Nf6 5. h3 Nc6 6. c3 Ne4 7. Bd3 f5 8. Ne2
Bd7 9. Be3 Bd6 10. Nd2 Qe7 11. O-O-O O-O-O 12. Kb1 g5 13. g3 h5 14. Bxe4 dxe4
15. Qg2 Rhg8 16. Qf1 Rdf8 17. f4 exf3 18. Qxf3 g4 19. Qf2 Re8 20. Nc4 Qe4+ 21.
Ka1 b5 22. Nxd6+ cxd6 23. d5 Qxe3 24. Qxe3 Rxe3 25. dxc6 Bxc6 26. Nd4 Bxh1 27.
Rxh1 Rge8 28. Nc2 Rxg3 29. hxg4 Rxg4 30. a3 h4 31. Nd4 Re5 32. Ka2 f4 33. Nf3
Rh5 34. Kb3 h3 35. Ng1 h2 36. Nf3 Rg3 37. Rxh2 Rxh2 38. Nxh2 f3 39. Nf1 Rg1 40.
Nh2 f2 41. Kb4 Rh1 0-1

[Event "Ïåðâåíñòâî Ìîñêâû ïî øàõìàòàì 2015 ñðåäè"]
[Site "Moscow"]
[Date "2015.11.16"]
[Round "5.32"]
[White "Æóê, Êèðèëë."]
[Black "Ìîðîçîâ, Ôåäîð."]
[Result "1/2-1/2"]
[WhiteElo "1351"]
[BlackElo "1574"]
[PlyCount "80"]
[EventDate "2015.11.12"]

1. e4 e6 2. d3 d5 3. Nd2 c5 4. Ngf3 Nf6 5. g3 b6 6. exd5 exd5 7. d4 Bb7 8. Bg2
Be7 9. O-O O-O 10. Re1 Nbd7 11. Nf1 Re8 12. Bg5 Ne4 13. Bxe7 Rxe7 14. N1d2 Nxd2
15. Qxd2 Rb8 16. Rxe7 Qxe7 17. Re1 Qd8 18. Ne5 Nxe5 19. Rxe5 Qd6 20. Qf4 Rf8
21. Qe3 h6 22. Re8 Bc6 23. Rxf8+ Kxf8 24. Qa3 Qe7 25. Qb3 c4 26. Qc3 Kg8 27.
Qd2 Qd6 28. Qe2 Kf8 29. c3 Qf6 30. Qg4 Qe6 31. Qxe6 fxe6 32. f4 Kf7 33. Kf2 Kf6
34. Kf3 g6 35. g4 b5 36. h4 h5 37. gxh5 gxh5 38. Kg3 Be8 39. Bh3 Bg6 40. Bg2
Bf5 1/2-1/2

[Event "Ïåðâåíñòâî Ìîñêâû ïî øàõìàòàì 2015 ñðåäè"]
[Site "Moscow"]
[Date "2015.11.16"]
[Round "5.33"]
[White "Ãîðíîñòàåâ, ßêîâ."]
[Black "Ëóòàí, Ãëåá."]
[Result "1-0"]
[WhiteElo "1452"]
[BlackElo "1320"]
[PlyCount "111"]
[EventDate "2015.11.12"]

1. e4 c6 2. d4 d5 3. exd5 cxd5 4. Nf3 Nf6 5. Nc3 e6 6. Bg5 Be7 7. Bd3 h6 8. Bf4
Nc6 9. O-O a6 10. a3 O-O 11. Ne2 Nh5 12. Be3 f5 13. Qd2 Qc7 14. Nf4 Nxf4 15.
Bxf4 Bd6 16. Bxd6 Qxd6 17. Rfe1 Bd7 18. c3 Be8 19. Ne5 Bh5 20. Qf4 Nxe5 21.
dxe5 Qe7 22. c4 dxc4 23. Bxc4 b5 24. Ba2 Rad8 25. Re3 g5 26. Qb4 Qxb4 27. axb4
Rfe8 28. Rh3 Bf7 29. Rxh6 Rd4 30. Rh3 Rxb4 31. Rb1 Rd8 32. Rg3 Rxb2 33. Rxg5+
Kf8 34. Ra1 Rdd2 35. Bxe6 Bxe6 36. h3 Ra2 37. Rf1 Rd7 38. Rg6 Kf7 39. Rh6 Re7
40. h4 Kg7 41. Rf6 Re2 42. h5 Rxe5 43. Rg6+ Kh7 44. Rf6 Rf7 45. Rg6 Bc8 46. Rd1
Re6 47. Rg5 b4 48. Rd8 Bb7 49. Rgg8 Kh6 50. Rh8+ Kg5 51. Rdg8+ Kh4 52. Kh2 Bxg2
53. Rxg2 Ree7 54. Rhg8 f4 55. R8g5 Rg7 56. R2g4# 1-0

[Event "Ïåðâåíñòâî Ìîñêâû ïî øàõìàòàì 2015 ñðåäè"]
[Site "Moscow"]
[Date "2015.11.16"]
[Round "5.34"]
[White "Ôåéçóëëèí, Äàíèÿð."]
[Black "Øèÿôåòäèíîâ, Äàíèèë."]
[Result "1-0"]
[WhiteElo "1419"]
[BlackElo "1334"]
[PlyCount "139"]
[EventDate "2015.11.12"]

1. e4 e5 2. Nf3 Nc6 3. Bc4 Bc5 4. c3 Nf6 5. d4 exd4 6. cxd4 Bb4+ 7. Nc3 Nxe4 8.
O-O Nxc3 9. bxc3 Be7 10. Re1 d5 11. Bb5 O-O 12. Bxc6 bxc6 13. Ne5 Bb7 14. Rb1
Rb8 15. Rxb7 Rxb7 16. Nxc6 Qd7 17. Nxe7+ Kh8 18. Qf3 c6 19. h3 Rb1 20. Qf5 Qxf5
21. Nxf5 Kg8 22. Ne7+ Kh8 23. Nxc6 h6 24. Nb4 Rd8 25. Nd3 Rb7 26. Bb2 Kg8 27.
Re2 Kh7 28. Ba3 Kg6 29. Ne5+ Kh7 30. Bb4 Re8 31. Rc2 f6 32. Nd3 Rd7 33. g3 Kg8
34. Kg2 Kf7 35. h4 Kg8 36. h5 Kf7 37. Nf4 Kg8 38. Re2 Rxe2 39. Nxe2 Kf7 40. Nf4
f5 41. Nd3 Kf6 42. f4 a5 43. Ne5 Rb7 44. Bxa5 Rb2+ 45. Kf3 Rxa2 46. Bb4 Ra8 47.
Nd7+ Ke6 48. Nf8+ Kf7 49. Nh7 Kg8 50. Nf8 Kf7 51. Nd7 Ke6 52. Nb6 Rb8 53. Na4
Ra8 54. Nc5+ Kf7 55. Nb7 Rb8 56. Nd6+ Ke6 57. Ke3 Kf6 58. Kd3 Ra8 59. Nb5 Rc8
60. Bd6 Ke6 61. Be5 Rg8 62. Nc7+ Kd7 63. Nxd5 Ke6 64. Ne3 g6 65. hxg6 Rxg6 66.
d5+ Kd7 67. Nxf5 h5 68. c4 Ra6 69. c5 Kc8 70. c6 1-0

[Event "Ïåðâåíñòâî Ìîñêâû ïî øàõìàòàì 2015 ñðåäè"]
[Site "Moscow"]
[Date "2015.11.17"]
[Round "6.1"]
[White "Òàðàñîâ, Äàíèëà."]
[Black "Ðóñòàìîâ, Ñåçãèí."]
[Result "1-0"]
[WhiteElo "1893"]
[BlackElo "1351"]
[PlyCount "89"]
[EventDate "2015.11.12"]

1. e4 e5 2. Nc3 Nf6 3. g3 Bc5 4. Bg2 O-O 5. Nge2 Nc6 6. O-O d6 7. d3 Ne8 8. Na4
Bb6 9. Nxb6 axb6 10. f4 f6 11. f5 Ne7 12. g4 d5 13. Be3 c5 14. Qe1 d4 15. Bd2
Rf7 16. Qh4 g6 17. Rf3 b5 18. a3 c4 19. Raf1 c3 20. bxc3 dxc3 21. Nxc3 Rxa3 22.
Qf2 b4 23. Nb1 Ra4 24. fxg6 Nxg6 25. g5 Bg4 26. Rg3 Be6 27. Qe2 Qd4+ 28. Be3
Qd8 29. gxf6 Nxf6 30. h4 Kh8 31. h5 Ne7 32. Bg5 Neg8 33. Qe3 Ra2 34. Qc5 Qd4+
35. Qxd4 exd4 36. Rgf3 Kg7 37. h6+ Kg6 38. Bd2 Bg4 39. Rg3 Ra5 40. Bh3 Nxh6 41.
Bxh6 Kxh6 42. Bxg4 Rg5 43. Rf5 Rxg4 44. Rxg4 Nxg4 45. Rxf7 1-0

[Event "Ïåðâåíñòâî Ìîñêâû ïî øàõìàòàì 2015 ñðåäè"]
[Site "Moscow"]
[Date "2015.11.17"]
[Round "6.2"]
[White "Áóþêëè, Åãîð."]
[Black "Ïîãîñÿí, Ñòåôàí."]
[Result "0-1"]
[WhiteElo "1783"]
[BlackElo "2057"]
[PlyCount "98"]
[EventDate "2015.11.12"]

1. e4 c6 2. d4 d5 3. exd5 cxd5 4. Nf3 Nc6 5. Bf4 Bg4 6. c3 e6 7. Be2 Nf6 8.
Nbd2 Be7 9. O-O Nh5 10. Bg3 Nxg3 11. hxg3 Bf5 12. Bb5 h5 13. Ne5 Qb6 14. Qb3
Rc8 15. Ndf3 f6 16. Nxc6 bxc6 17. Be2 Rb8 18. Qxb6 Rxb6 19. b3 g5 20. c4 Ba3
21. Rad1 Kd7 22. Ne1 Bb2 23. Bd3 Bg4 24. f3 Bxd4+ 25. Kh2 a5 26. Bg6 Be3 27.
Nc2 Bc5 28. Rd3 Rh6 29. cxd5 cxd5 30. Ne3 Bxe3 31. Rxe3 Rxg6 32. fxg4 hxg4 33.
Rc1 Kd6 34. Rec3 Rg7 35. Rc5 Ra7 36. Rc8 a4 37. Rf8 f5 38. Rd8+ Ke7 39. Rg8 Kf7
40. Rxg5 axb3 41. axb3 Rxb3 42. Rh5 Kg6 43. Rh8 Rh7+ 44. Rxh7 Kxh7 45. Re1 Rb6
46. Kg1 Kg6 47. Kf2 Kf6 48. Ke3 Rb3+ 49. Kf4 e5+ 0-1

[Event "Ïåðâåíñòâî Ìîñêâû ïî øàõìàòàì 2015 ñðåäè"]
[Site "Moscow"]
[Date "2015.11.17"]
[Round "6.3"]
[White "Ïðèâàëîâ, Èãîðü."]
[Black "Æóêîâ, Àíòîí."]
[Result "1-0"]
[WhiteElo "2011"]
[BlackElo "1771"]
[PlyCount "63"]
[EventDate "2015.11.12"]

1. e4 e6 2. d4 d5 3. Nc3 Bb4 4. e5 Qd7 5. a3 Bxc3+ 6. bxc3 b6 7. f4 Ba6 8. Bxa6
Nxa6 9. a4 Nb8 10. Nf3 Nc6 11. O-O Nge7 12. Ba3 Na5 13. Qd3 Nc4 14. Bxe7 Qxe7
15. Nd2 Nxd2 16. Qxd2 g6 17. Qd3 O-O 18. Qh3 Kg7 19. g4 f5 20. exf6+ Qxf6 21.
Rae1 Rae8 22. Re5 h6 23. Qg3 c5 24. h4 Qf7 25. f5 exf5 26. gxf5 Kh7 27. f6 Re6
28. Rfe1 Rfe8 29. Rxe6 Rxe6 30. Rxe6 Qxe6 31. Qc7+ Kg8 32. Qg7# 1-0

[Event "Ïåðâåíñòâî Ìîñêâû ïî øàõìàòàì 2015 ñðåäè"]
[Site "Moscow"]
[Date "2015.11.17"]
[Round "6.4"]
[White "×åðâîíåíêèñ, Áîðèñ."]
[Black "Ìàêàðÿí, Ðóäèê."]
[Result "0-1"]
[WhiteElo "1766"]
[BlackElo "1988"]
[PlyCount "100"]
[EventDate "2015.11.12"]

1. e4 e6 2. d4 d5 3. Nc3 Bb4 4. e5 Ne7 5. a3 Bxc3+ 6. bxc3 b6 7. Nf3 Ba6 8. Bd3
Bxd3 9. Qxd3 c5 10. a4 Nd7 11. Ba3 Rc8 12. O-O O-O 13. Ng5 Ng6 14. f4 Rc6 15.
g3 f6 16. exf6 Qxf6 17. Rae1 Rfc8 18. Rxe6 Rxe6 19. Nxe6 Qxe6 20. f5 Qc6 21.
fxg6 Qxg6 22. Qxg6 hxg6 23. dxc5 Nxc5 24. Rf4 Ne4 25. Rf3 Nxc3 26. a5 Ne2+ 27.
Kf1 Rxc2 28. Rf2 Nd4 29. a6 Rxf2+ 30. Kxf2 Kf7 31. Bd6 Ke6 32. Bc7 Nc6 33. Ke3
Kd7 34. Bf4 Nb4 35. Be5 Nxa6 36. Bxg7 Ke6 37. Kf4 Nc5 38. Kg5 Kf7 39. Be5 Nd7
40. Bd4 a5 41. h4 Nc5 42. Be5 a4 43. g4 a3 44. h5 gxh5 45. gxh5 Ne6+ 46. Kf5
Ng7+ 47. Kg5 Nxh5 48. Kxh5 Ke6 49. Ba1 b5 50. Kg4 b4 0-1

[Event "Ïåðâåíñòâî Ìîñêâû ïî øàõìàòàì 2015 ñðåäè"]
[Site "Moscow"]
[Date "2015.11.17"]
[Round "6.5"]
[White "Ñòóêàí, Ìàðòèí."]
[Black "Èâëåâ, Àëåêñàíäð."]
[Result "0-1"]
[WhiteElo "1910"]
[BlackElo "1588"]
[PlyCount "52"]
[EventDate "2015.11.12"]

1. e4 c5 2. Nf3 Nc6 3. d4 cxd4 4. Nxd4 Nf6 5. Nc3 g6 6. Be3 d6 7. Be2 Bg7 8. f3
O-O 9. Qd2 Be6 10. Nxe6 fxe6 11. O-O a6 12. f4 b5 13. Bf3 e5 14. Nd5 Kh8 15.
Rad1 Nxd5 16. Qxd5 Rc8 17. Bg4 exf4 18. Bxc8 fxe3 19. Bg4 Rxf1+ 20. Rxf1 Nd4
21. c3 e6 22. Bxe6 Nxe6 23. Qxe6 e2 24. Re1 Qb6+ 25. Kh1 Qf2 26. Qe8+ Bf8 0-1

[Event "Ïåðâåíñòâî Ìîñêâû ïî øàõìàòàì 2015 ñðåäè"]
[Site "Moscow"]
[Date "2015.11.17"]
[Round "6.6"]
[White "Äóäèí, Ãëåá."]
[Black "Çàêèðîâ, Àðòóð."]
[Result "1-0"]
[WhiteElo "1776"]
[BlackElo "1648"]
[PlyCount "59"]
[EventDate "2015.11.12"]

1. c4 e6 2. g3 d5 3. Bg2 Nf6 4. Nf3 c6 5. Qc2 Nbd7 6. O-O Bd6 7. b3 Ne5 8. Nxe5
Bxe5 9. Bb2 Bc7 10. d3 Bd7 11. Nd2 O-O 12. e4 Rc8 13. d4 dxe4 14. Nxe4 Nxe4 15.
Qxe4 f5 16. Qe2 f4 17. Bc1 Qf6 18. Bxf4 Bxf4 19. gxf4 Qxf4 20. Rad1 Rf6 21. Qe5
Qg4 22. Qg3 Qh5 23. Rd3 Rg6 24. Qe5 Rg5 25. Qd6 Qe8 26. Rg3 Rxg3 27. fxg3 b6
28. b4 Qd8 29. h4 Qc7 30. Rf8+ 1-0

[Event "Ïåðâåíñòâî Ìîñêâû ïî øàõìàòàì 2015 ñðåäè"]
[Site "Moscow"]
[Date "2015.11.17"]
[Round "6.7"]
[White "Âèíîêóð, Ëåîíèä."]
[Black "Ëåâêèí, Ëåâ."]
[Result "1-0"]
[WhiteElo "1625"]
[BlackElo "1734"]
[PlyCount "61"]
[EventDate "2015.11.12"]

1. Nf3 Nf6 2. g3 g6 3. Bg2 Bg7 4. O-O O-O 5. d4 d6 6. c4 Nbd7 7. Nc3 c6 8. e4
Qc7 9. Qc2 Re8 10. Rd1 e5 11. dxe5 Nxe5 12. Nxe5 dxe5 13. Be3 Be6 14. b3 Ng4
15. Bc5 Red8 16. Ba3 f5 17. c5 f4 18. Bh3 Qe7 19. Rd6 Rxd6 20. cxd6 Qd7 21. Na4
b6 22. Rc1 c5 23. Qd2 g5 24. Bxg4 Bxg4 25. Qd5+ Be6 26. Qxa8+ Bf8 27. Qb8 f3
28. Qc7 Qb5 29. Nc3 Qd3 30. Nd5 Bxd5 31. d7 1-0

[Event "Ïåðâåíñòâî Ìîñêâû ïî øàõìàòàì 2015 ñðåäè"]
[Site "Moscow"]
[Date "2015.11.17"]
[Round "6.8"]
[White "Ìàõëèí, Ìèðîí."]
[Black "Âäîâèí, Ãåîðãèé."]
[Result "1/2-1/2"]
[WhiteElo "1726"]
[BlackElo "1640"]
[PlyCount "116"]
[EventDate "2015.11.12"]

1. d4 d5 2. c4 Nc6 3. cxd5 Qxd5 4. Nf3 e5 5. dxe5 Qxd1+ 6. Kxd1 Bg4 7. a3
O-O-O+ 8. Bd2 Bxf3 9. exf3 Nxe5 10. Kc2 Nf6 11. Nc3 Bc5 12. Be3 Bb6 13. Be2 Nd5
14. Nxd5 Rxd5 15. Rhd1 Rhd8 16. Rxd5 Rxd5 17. Rd1 Rxd1 18. Kxd1 Kd7 19. f4 Nc6
20. Bg4+ Kd6 21. Kd2 Ne7 22. Kd3 f5 23. Bf3 c6 24. Bd1 Nd5 25. g3 g6 26. Bb3 h6
27. h4 h5 28. Bxb6 axb6 29. Kd4 c5+ 30. Kc4 Nc7 31. a4 b5+ 32. axb5 b6 33. Bd1
Nd5 34. Bf3 Nc7 35. Bc6 Ke6 36. Bf3 Kd6 37. b4 cxb4 38. Kxb4 Nd5+ 39. Kc4 Nc7
40. Bd1 Ne6 41. Bf3 Nc7 42. Bb7 Ke6 43. f3 Kd6 44. Bc6 Ke6 45. Kd3 Kd6 46. Ke3
Nd5+ 47. Kf2 Nc7 48. Kg2 Kc5 49. Kh3 Nxb5 50. Be8 Nd6 51. Bxg6 b5 52. Bh7 b4
53. Bg8 Nc4 54. Be6 Ne3 55. g4 fxg4+ 56. fxg4 Nxg4 57. Kg3 Kd6 58. Bb3 Ke7
1/2-1/2

[Event "Ïåðâåíñòâî Ìîñêâû ïî øàõìàòàì 2015 ñðåäè"]
[Site "Moscow"]
[Date "2015.11.17"]
[Round "6.9"]
[White "Ëóïîëîâ, Áîðèñ."]
[Black "×èêîâàíè, Äàâèä."]
[Result "0-1"]
[WhiteElo "1889"]
[BlackElo "1642"]
[PlyCount "94"]
[EventDate "2015.11.12"]

1. d4 d5 2. c4 e6 3. Nf3 Nf6 4. Bg5 Be7 5. e3 O-O 6. Nc3 b6 7. cxd5 exd5 8. Qc2
Bb7 9. Bd3 Nbd7 10. O-O c5 11. Rac1 a6 12. Rfd1 c4 13. Bf5 b5 14. a3 Re8 15.
Ne5 g6 16. Nxd7 Nxd7 17. Bxe7 Qxe7 18. Bxd7 Qxd7 19. b3 Bc6 20. bxc4 bxc4 21.
Rb1 Rab8 22. Rb2 Qd6 23. Rdb1 Kg7 24. Rb6 Rxb6 25. Rxb6 Rb8 26. Rb2 Qe7 27. Qb1
Rxb2 28. Qxb2 Kf6 29. f3 Qb7 30. Qxb7 Bxb7 31. e4 Ke6 32. Kf2 Bc6 33. Ke3 g5
34. exd5+ Bxd5 35. g3 h5 36. h4 f6 37. f4 gxh4 38. gxh4 Bc6 39. Ne4 Bxe4 40.
Kxe4 f5+ 41. Kf3 Kd5 42. Ke3 a5 43. a4 c3 44. Kd3 c2 45. Kxc2 Kxd4 46. Kb3 Ke4
47. Kc4 Kxf4 0-1

[Event "Ïåðâåíñòâî Ìîñêâû ïî øàõìàòàì 2015 ñðåäè"]
[Site "Moscow"]
[Date "2015.11.17"]
[Round "6.10"]
[White "Êóðóñü, Àðòåì."]
[Black "Ñóááîòèí, Ìóðàò."]
[Result "0-1"]
[WhiteElo "1630"]
[BlackElo "1862"]
[PlyCount "114"]
[EventDate "2015.11.12"]

1. d4 d5 2. c4 c6 3. Nc3 Nf6 4. Nf3 Bf5 5. Bg5 e6 6. e3 Be7 7. cxd5 cxd5 8. Bd3
Bxd3 9. Qxd3 Nc6 10. O-O O-O 11. a3 h6 12. Bh4 a6 13. Rac1 Na5 14. Na4 Nc4 15.
b4 b6 16. Bxf6 Bxf6 17. Nd2 Be7 18. Nxc4 dxc4 19. Qc3 Rc8 20. Qb2 Qd6 21. Nc3
Qc6 22. Qc2 f5 23. Rfd1 Rcd8 24. Ne2 b5 25. Nf4 Rf6 26. Qe2 Bd6 27. Nxe6 Rxe6
28. d5 Bxh2+ 29. Kxh2 Rxd5 30. Rxd5 Qxd5 31. Rd1 Qe5+ 32. g3 Qc3 33. Qh5 Qf6
34. Qf3 Rc6 35. Rd8+ Qxd8 36. Qxc6 Qf6 37. Qc5 Kf7 38. Qc7+ Kg6 39. Qc8 Qd6 40.
Qe8+ Kf6 41. e4 Qe6 42. Qd8+ Kg6 43. exf5+ Qxf5 44. Qe8+ Kh7 45. f4 c3 46. Qc6
c2 47. Qc3 Qe4 48. Qd2 Qc4 49. Qc1 Qe2+ 50. Kh3 h5 51. Qh1 Qe3 52. Qd5 c1=Q 53.
Qxh5+ Kg8 54. Qd5+ Kf8 55. Qf5+ Ke8 56. Qg6+ Kd7 57. Qxg7+ Qe7 0-1

[Event "Ïåðâåíñòâî Ìîñêâû ïî øàõìàòàì 2015 ñðåäè"]
[Site "Moscow"]
[Date "2015.11.17"]
[Round "6.11"]
[White "Àãàáåêîâ, Ñàâåëèé."]
[Black "Áåëèêîâ, Ñåìåí."]
[Result "1-0"]
[WhiteElo "1502"]
[BlackElo "1724"]
[PlyCount "77"]
[EventDate "2015.11.12"]

1. e4 e5 2. Nf3 Nc6 3. Bc4 Nf6 4. Ng5 d5 5. exd5 Nd4 6. c3 b5 7. Bf1 Nxd5 8.
cxd4 Qxg5 9. Bxb5+ Kd8 10. O-O Bb7 11. Qf3 Rb8 12. dxe5 Nb4 13. d4 Qg6 14. d5
Bxd5 15. Rd1 Rxb5 16. Nc3 Kc8 17. Nxd5 Nxd5 18. Rxd5 Rxd5 19. Qxd5 c6 20. Qd4
c5 21. Qd5 a6 22. Be3 Kb8 23. Qd8+ Kb7 24. Rd1 Kc6 25. Qd7+ Kb6 26. b4 Qc2 27.
Bxc5+ Bxc5 28. bxc5+ Qxc5 29. Rd6+ Ka5 30. Rd5 Rc8 31. Rxc5+ Rxc5 32. Qd2+ Kb5
33. f4 Kc6 34. a4 Rd5 35. Qc2+ Rc5 36. Qe4+ Rd5 37. Qc4+ Rc5 38. Qxa6+ Kd7 39.
Qd6+ 1-0

[Event "Ïåðâåíñòâî Ìîñêâû ïî øàõìàòàì 2015 ñðåäè"]
[Site "Moscow"]
[Date "2015.11.17"]
[Round "6.12"]
[White "Ëóêüÿíåíêî, Àðòåìèé."]
[Black "Öûìáàë, Åâãåíèé."]
[Result "1-0"]
[WhiteElo "1711"]
[BlackElo "1628"]
[PlyCount "79"]
[EventDate "2015.11.12"]

1. Nf3 d5 2. d4 Nf6 3. e3 c5 4. b3 cxd4 5. exd4 Bf5 6. Bb2 Nc6 7. a3 e6 8. Be2
Bd6 9. O-O h6 10. Nbd2 O-O 11. c4 Rc8 12. Rc1 Bf4 13. g3 Bb8 14. Nh4 Bh7 15.
Ndf3 Qe7 16. Ng2 Rfd8 17. Bd3 Bxd3 18. Qxd3 Qf8 19. c5 Ne4 20. Nd2 Nxd2 21.
Qxd2 Bc7 22. Rc2 Qe8 23. f4 b6 24. b4 a5 25. b5 Na7 26. a4 f6 27. Kh1 e5 28.
fxe5 fxe5 29. dxe5 d4 30. Re1 bxc5 31. Rxc5 Bb6 32. Rxc8 Nxc8 33. Qd3 Ne7 34.
Nf4 Qd7 35. Qc4+ Kh8 36. Qf7 Qb7+ 37. Ng2 Qd7 38. e6 Qd6 39. Nf4 d3 40. Qxg7#
1-0

[Event "Ïåðâåíñòâî Ìîñêâû ïî øàõìàòàì 2015 ñðåäè"]
[Site "Moscow"]
[Date "2015.11.17"]
[Round "6.13"]
[White "Ìèøóðèñ, Ìàòâåé."]
[Black "Àõìåòøèí, Àëåêñàíäð."]
[Result "1-0"]
[WhiteElo "1693"]
[BlackElo "1617"]
[PlyCount "136"]
[EventDate "2015.11.12"]

1. c4 c5 2. Nc3 Nf6 3. g3 d5 4. cxd5 Nxd5 5. Bg2 Nc7 6. Nf3 Nc6 7. O-O e5 8. d3
Be7 9. Be3 O-O 10. Rc1 b6 11. Nd2 Bb7 12. Nc4 f6 13. Qb3 Kh8 14. Qa4 Qe8 15. a3
Nd8 16. Qxe8 Rxe8 17. Ne4 Nd5 18. Bd2 Nf7 19. f4 f5 20. fxe5 fxe4 21. Rxf7 Kg8
22. Rcf1 exd3 23. exd3 Rab8 24. h4 b5 25. Na5 Ba8 26. h5 h6 27. g4 a6 28. R7f5
Bd8 29. Nb3 c4 30. Nc5 Bb6 31. d4 Bxc5 32. dxc5 Rbd8 33. Re1 Ne7 34. Rf2 Bxg2
35. Kxg2 Rd4 36. Kg3 Rd5 37. Bb4 Nc6 38. e6 a5 39. Bc3 b4 40. axb4 axb4 41. Bd2
Rxc5 42. Bf4 c3 43. bxc3 bxc3 44. Bd6 Rc4 45. e7 Nxe7 46. Bxe7 c2 47. Rc1 Rxe7
48. Rcxc2 Re3+ 49. Kh4 Rxc2 50. Rxc2 Kf7 51. Rf2+ Ke6 52. Rf8 Ke7 53. Rf2 Ke6
54. Rf1 Ke5 55. Rf7 Rd3 56. Rxg7 Kf4 57. Rf7+ Ke5 58. Rh7 Rd6 59. Rg7 Kf4 60.
Rg6 Rd1 61. Rf6+ Ke5 62. Rxh6 Rh1+ 63. Kg3 Rg1+ 64. Kf3 Rf1+ 65. Kg2 Ra1 66.
Rg6 Ra2+ 67. Kg3 Ra3+ 68. Kh4 Ra7 1-0

[Event "Ïåðâåíñòâî Ìîñêâû ïî øàõìàòàì 2015 ñðåäè"]
[Site "Moscow"]
[Date "2015.11.17"]
[Round "6.14"]
[White "Ñìåëûõ, Ýäâèí."]
[Black "Ñîëîâüåâ, Âëàäèñëàâ."]
[Result "1/2-1/2"]
[WhiteElo "1381"]
[BlackElo "1692"]
[PlyCount "133"]
[EventDate "2015.11.12"]

1. e4 c5 2. Nf3 Nc6 3. Bb5 Nf6 4. d3 Qb6 5. Nc3 Nd4 6. Bc4 e6 7. O-O Be7 8. e5
Ng8 9. Nxd4 cxd4 10. Qg4 g6 11. Ne2 Bc5 12. a3 d5 13. Ba2 Qc7 14. b4 Bb6 15.
Bb1 Qxe5 16. Bf4 Qg7 17. Qg3 Ne7 18. Qg5 f6 19. Qh6 Qxh6 20. Bxh6 Nf5 21. Bc1
e5 22. Ba2 Be6 23. Bb2 Ke7 24. Ng3 Rac8 25. Bb3 Rhd8 26. Rfe1 Nd6 27. f4 Bc7
28. fxe5 fxe5 29. Bxd5 Nf5 30. Nxf5+ Bxf5 31. Bxb7 Rb8 32. Ba6 Kd6 33. Bc1 Be6
34. Bg5 Rf8 35. Rf1 Bf5 36. Bh6 Rf6 37. g4 Kd7 38. gxf5 gxf5 39. Bd2 Rg8+ 40.
Kh1 Rxa6 41. Rxf5 Ke6 42. Rh5 Rc6 43. Rc1 Bb6 44. Rxh7 Rgc8 45. Rh6+ Kd5 46.
Rxc6 Rxc6 47. a4 Rc8 48. a5 Bc7 49. h4 Bd6 50. c4+ dxc3 51. Rxc3 Rh8 52. Rc4
Be7 53. Be1 Rf8 54. Kg2 Rg8+ 55. Kh3 Rg1 56. Bf2 Rd1 57. Rg4 Rxd3+ 58. Kg2 Rb3
59. Bxa7 Bxb4 60. Bb6 Rb2+ 61. Kh3 Be1 62. h5 Rb3+ 63. Kg2 Rb2+ 64. Kf3 Rh2 65.
h6 e4+ 66. Kf4 Rh5 67. Rg5+ 1/2-1/2

[Event "Ïåðâåíñòâî Ìîñêâû ïî øàõìàòàì 2015 ñðåäè"]
[Site "Moscow"]
[Date "2015.11.17"]
[Round "6.15"]
[White "Àí÷èêîâ, Âëàäèìèð."]
[Black "Êóæåëåâ, Òèìóð."]
[Result "1-0"]
[WhiteElo "1691"]
[BlackElo "1594"]
[PlyCount "123"]
[EventDate "2015.11.12"]

1. e4 c5 2. Nf3 Nc6 3. d4 cxd4 4. Nxd4 g6 5. Be3 Bg7 6. c4 Nf6 7. Nc3 Ng4 8.
Nxc6 Nxe3 9. Nxd8 Nxd1 10. Rxd1 Kxd8 11. Kd2 b6 12. Kc2 Bb7 13. f3 d6 14. b3
Kd7 15. g3 a6 16. Nd5 Bxd5 17. exd5 Rhc8 18. Bh3+ e6 19. dxe6+ fxe6 20. Rhe1
Re8 21. Rd2 g5 22. Re4 Re7 23. Rd5 h6 24. Re1 Rd8 25. Rd3 b5 26. c5 d5 27.
Rxd5+ Kc7 28. Rxd8 Kxd8 29. Bxe6 Bd4 30. Rd1 Rxe6 31. Rxd4+ Kc7 32. Kd2 a5 33.
a3 Re5 34. b4 axb4 35. axb4 Rf5 36. Ke3 Re5+ 37. Kf2 h5 38. Rd6 Rf5 39. h3 g4
40. hxg4 hxg4 41. f4 Rh5 42. Kg2 Rf5 43. Rb6 Rd5 44. Rxb5 Rd2+ 45. Kf1 Rd3 46.
Rb6 Rxg3 47. Ke2 Rf3 48. Rf6 Rb3 49. Rb6 Rf3 50. b5 Rxf4 51. Rc6+ Kb7 52. Rb6+
Kc7 53. Rg6 Rf5 54. b6+ Kc8 55. c6 Re5+ 56. Kf2 Rf5+ 57. Kg3 Rf3+ 58. Kxg4 Rf8
59. Kg5 Kb8 60. Rg7 Kc8 61. Kg6 Rd8 62. b7+ 1-0

[Event "Ïåðâåíñòâî Ìîñêâû ïî øàõìàòàì 2015 ñðåäè"]
[Site "Moscow"]
[Date "2015.11.17"]
[Round "6.16"]
[White "Äìèòðèåâ, Ëåîíèä."]
[Black "Ñààêÿí, Âààãí."]
[Result "1-0"]
[WhiteElo "1475"]
[BlackElo "1902"]
[PlyCount "175"]
[EventDate "2015.11.12"]

1. e4 c5 2. Nf3 Nc6 3. d4 cxd4 4. Nxd4 Nf6 5. Nc3 e5 6. Nf3 d6 7. Bg5 Be7 8. h3
Be6 9. a3 O-O 10. Bd3 h6 11. Bh4 Nh7 12. Bxe7 Qxe7 13. Qd2 a6 14. O-O Rad8 15.
Rad1 f5 16. exf5 Bxf5 17. Bxf5 Rxf5 18. Qd5+ Kh8 19. Ne4 Nf6 20. Nxf6 Rxf6 21.
c4 Rdf8 22. Nd2 Rg6 23. Ne4 Nd4 24. Kh2 Qh4 25. Rd3 Qf4+ 26. Ng3 Qf6 27. Re3
Qg5 28. Qe4 h5 29. h4 Qh6 30. Rd3 Rg4 31. Qxb7 Rxh4+ 32. Kg1 Qf4 33. Re3 Rg4
34. Qe4 Rf6 35. Qxf4 exf4 36. Re8+ Kh7 37. Ne2 Nxe2+ 38. Rxe2 f3 39. Re3 Rxg2+
40. Kh1 Rg4 41. Kh2 Rxc4 42. Kg3 Rg4+ 43. Kh3 d5 44. Rd1 d4 45. Re5 Kh6 46. Rd5
Rff4 47. Rd6+ Rg6 48. Rxg6+ Kxg6 49. b4 Kf6 50. a4 Ke5 51. b5 axb5 52. axb5 Kd5
53. Kg3 g5 54. b6 Kc6 55. Rb1 Kb7 56. Rb3 Rf6 57. Rd3 Rf4 58. Rb3 Rf6 59. Rd3
Kxb6 60. Rxd4 Kc5 61. Rd8 Rf5 62. Rd3 g4 63. Rd8 Rd5 64. Rc8+ Kd4 65. Ra8 Kd3
66. Ra2 Rc5 67. Ra3+ Ke4 68. Re3+ Kf5 69. Re8 Kg6 70. Rg8+ Kh7 71. Ra8 Kg6 72.
Rg8+ Kf7 73. Ra8 Kg7 74. Rb8 Rf5 75. Ra8 Rf7 76. Rb8 Kf6 77. Ra8 Kg6 78. Rb8
Kf6 79. Ra8 Kf5 80. Rb8 h4+ 81. Kh2 Rg7 82. Rb5+ Ke4 83. Rb4+ Kd3 84. Kg1 Kc3
85. Rf4 Kd3 86. Ra4 Re7 87. Ra3+ Ke4 88. Re3+ 1-0

[Event "Ïåðâåíñòâî Ìîñêâû ïî øàõìàòàì 2015 ñðåäè"]
[Site "Moscow"]
[Date "2015.11.17"]
[Round "6.17"]
[White "Ïîëÿêîâ, Àíòîí."]
[Black "Èâàíîâ, Èëüÿ."]
[Result "1-0"]
[WhiteElo "1797"]
[BlackElo "1544"]
[PlyCount "45"]
[EventDate "2015.11.12"]

1. e4 e6 2. d4 d5 3. e5 c5 4. c3 Nc6 5. Nf3 Qb6 6. a3 cxd4 7. cxd4 Nge7 8. Nc3
Nf5 9. Bd3 Nfxd4 10. Nxd4 Qxd4 11. O-O Be7 12. Nb5 Qb6 13. Qg4 Kf8 14. Be3 Qd8
15. Qg3 d4 16. Bd2 a6 17. Nd6 Bxd6 18. exd6 e5 19. f4 Qxd6 20. fxe5 Qxe5 21.
Bb4+ Kg8 22. Rae1 Qxg3 23. Re8# 1-0

[Event "Ïåðâåíñòâî Ìîñêâû ïî øàõìàòàì 2015 ñðåäè"]
[Site "Moscow"]
[Date "2015.11.17"]
[Round "6.18"]
[White "Äóíàåâ, Äåíèñ."]
[Black "Ïëàêñèí, Èãîðü."]
[Result "1/2-1/2"]
[WhiteElo "1594"]
[BlackElo "1516"]
[PlyCount "89"]
[EventDate "2015.11.12"]

1. d4 d5 2. Nf3 Bf5 3. e3 Nf6 4. c4 e6 5. Nc3 Be7 6. Qb3 b6 7. Be2 O-O 8. O-O
c5 9. cxd5 cxd4 10. Nxd4 Nbd7 11. dxe6 Nc5 12. exf7+ Kh8 13. Qd1 Bg6 14. Bc4
Bxf7 15. Bxf7 Rxf7 16. b4 Nce4 17. Nxe4 Nxe4 18. f3 Nd6 19. Nc6 Qc7 20. Qd5 Rf5
21. Qe6 Bf6 22. Nd4 Bxd4 23. exd4 Re8 24. Qb3 Nb5 25. Bb2 Rh5 26. f4 Rf5 27.
Rae1 Rxe1 28. Rxe1 Qxf4 29. Qg3 h6 30. Qxf4 Rxf4 31. Rd1 Nd6 32. d5 Rf5 33. g4
Rg5 34. h3 h5 35. Bc1 Rg6 36. g5 Ne4 37. h4 Rd6 38. Bf4 Rd7 39. d6 Kh7 40. Rd4
Nc3 41. Rc4 Ne2+ 42. Kf2 Nxf4 43. Rxf4 Rxd6 44. Ke3 Kg6 45. Ke2 1/2-1/2

[Event "Ïåðâåíñòâî Ìîñêâû ïî øàõìàòàì 2015 ñðåäè"]
[Site "Moscow"]
[Date "2015.11.17"]
[Round "6.19"]
[White "Ñàõèí, Ëåîíèä."]
[Black "Êèðååâ, Èãîðü."]
[Result "1/2-1/2"]
[WhiteElo "1421"]
[BlackElo "1563"]
[PlyCount "86"]
[EventDate "2015.11.12"]

1. e4 e5 2. Nf3 Nc6 3. Bc4 Nf6 4. Ng5 d5 5. exd5 Nd4 6. c3 b5 7. cxd4 bxc4 8.
dxe5 Nxd5 9. Qa4+ Qd7 10. Qxc4 Nb4 11. O-O Ba6 12. Qe4 Qc6 13. Qxc6+ Nxc6 14.
Rd1 Nb4 15. Nc3 Nc2 16. Rb1 Bd3 17. Nf3 Rd8 18. b3 Bb4 19. Bb2 O-O 20. Rbc1
Bxc3 21. dxc3 Be2 22. Rd2 Bxf3 23. Rxd8 Rxd8 24. gxf3 Rd2 25. a4 Kf8 26. c4 Nd4
27. Bxd4 Rxd4 28. Kg2 a5 29. c5 Rd3 30. c6 Rxb3 31. Rc5 Rb6 32. Kg3 Rb4 33.
Rxa5 Rc4 34. Ra6 Ke7 35. f4 h5 36. f5 g6 37. f6+ Ke6 38. f4 Kf5 39. Ra5 Rxc6
40. Rb5 Rc3+ 41. Kg2 Rc4 42. a5 Rxf4 43. Rc5 Ra4 1/2-1/2